000 00850cam a22002291 4500
001 l 46000045
003 DLC
005 20260227111539.0
008 820626s1946 xx a 000 0 eng
010 _al 46000045
035 _a(OCoLC)14739316
040 _aDLC
_cDNLM
_dOCoLC
_dDLC
042 _apremarc
050 0 0 _aHQ796
_b.A239 1946
060 0 _aW1
_bUN6181 no.316 1946
110 2 _aUnited States.
_bInteragency committee on youth employment and education.
245 1 0 _aYour community and its young people,
_btheir employment and educational opportunities.
_cPrepared by the Interagency committee on youth employment and education ...
260 _aWashington,
_bU.S. Govt. print. off.,
_c1946.
300 _a31, [1] p.
_bill.
410 1 0 _aUnited States.
_bChildren's Bureau.
_tPublication
_vno. 316
504 _a"What to read": p. 30-31.
999 _c36525
_d36525